01377nam a22003137a 450000500170000001000130001702000260003003500130005603700190006908200060008810000230009424501700011726000320028727000380031930000300035750000610038750000520044852002760050060000410077665000280081765000290084565000440087465000190091865000200093765000400095770000220099770000270101970000170104620180223122233.0 aB-663899 a9780545556255c550.00 aB-663899 adplbPANSY/Ven04aS1 aStilton, Geronimo.14aThe Volcano of Fire :bthe fifth adventure in the Kingdom of Fantasy /cGeronimo Stilton ; [illustrations by Danilo Barozzi ... [et al.] ; translated by Julia Heim]. aNew YorkbScholastic,c2015 a557 BroadwaybNew YorkeN Y 10012 a310p.:bcol.illc20cm(Hb) aTranslation of: Quinto viaggio nel Regno della fantasia. a"Based on an original idea by Elisabetta Dami." aAfter receiving a mysterious message summoning him to a meeting, Geronimo Stilton finds himself back in the Kingdom of Fantasy, summoned by the Elves, who want him to travel to the Great Explanatorium to find an answer to the earthquakes that are threatening the Kingdom.10aStilton, GeronimovJuvenile fiction. 0aMicevJuvenile fiction. 0aElvesvJuvenile fiction. 0aQuests (Expeditions)vJuvenile fiction. 1aMicevFiction. 1aElvesvFiction. 1aAdventure and adventurersvFiction.1 aDami, Elisabetta.1 aBarozzi, Danilo,eill.1 aHeim, Julia.